000 00461nam a2200181Ia 4500
001 10274
005 20260306161820.0
008 260306t1983||||xx |||||||||||||| ||spa||
041 _aESP
082 _a913.04
_bM26
100 _aMartínez, José Luis
_eAUT
245 0 _aPasajeros de Indias:
_bviajes transatlánticos en el siglo XVI
260 _c1983
300 _a303 páginas :
_c20 cm.
650 _aGEN
654 _aCHU
942 _cLIB
_dJUS
_fJUS
_2ddc
_n
999 _c10274
_d10274